[Event "15th Unive op"]
[Site "Hoogeveen NED"]
[Date "2011.10.22"]
[Round "9.12"]
[White "Svane, Rasmus"]
[Black "Timmermans, Ivo"]
[Result "1-0"]
[WhiteElo "2351"]
[BlackElo "2247"]
[EventDate "2011.10.14"]
[PlyCount "40"]

1.d4 d5 2.c4 c6 3.Nc3 Nf6 4.e3 e6 5.Nf3 Nbd7 6.Qc2 Bd6 7.b3 O-O 8.Bd3 e5 
9.cxd5 cxd5 10.Nb5 Bb4+ 11.Bd2 Bxd2+ 12.Nxd2 e4 13.Be2 a6 14.Nc7 Ra7 15.
O-O Nb8 16.Rfc1 Nc6 17.Nxa6 Nxd4 18.exd4 bxa6 19.Qc5 Re7 20.Nf1 Ne8 1-0

[Event "15th Unive op"]
[Site "Hoogeveen NED"]
[Date "2011.10.22"]
[Round "9.13"]
[White "Duijker, Rick"]
[Black "Raznikov, Danny"]
[Result "0-1"]
[WhiteElo "2214"]
[BlackElo "2433"]
[EventDate "2011.10.14"]
[PlyCount "140"]

1.d4 c6 2.e4 d5 3.Nd2 dxe4 4.Nxe4 Bf5 5.Ng3 Bg6 6.h4 h6 7.Nf3 Nd7 8.h5 Bh7
9.Bd3 Bxd3 10.Qxd3 e6 11.Bd2 Ngf6 12.O-O-O Be7 13.Ne4 Nxe4 14.Qxe4 Nf6 15.
Qe2 Qd5 16.c4 Qe4 17.Qxe4 Nxe4 18.Be3 Bf6 19.Nd2 Nd6 20.g4 Rd8 21.f4 O-O 
22.b3 Be7 23.a4 f5 24.g5 hxg5 25.fxg5 f4 26.Bf2 Bxg5 27.Rhg1 Bh6 28.Rde1 
Nf5 29.Rxe6 f3 30.Rg4 Rfe8 31.Ree4 Nd6 32.Re1 Rxe1+ 33.Bxe1 Re8 34.Kd1 f2 
35.Bxf2 Bxd2 36.d5 cxd5 37.Bxa7 Bh6 38.cxd5 Re5 39.Bb8 Rxd5+ 40.Kc2 Nf5 
41.Rb4 Rd7 42.Be5 Ne3+ 43.Kb1 Nd5 44.Rg4 Kh7 45.Kb2 Re7 46.Bd4 Re2+ 47.Kb1
Re7 48.a5 Bd2 49.Bc5 Re1+ 50.Kc2 Rc1+ 51.Kxd2 Rxc5 52.b4 Rb5 53.Rg5 Kh6 
54.Re5 Nc7 55.Rxb5 Nxb5 56.Kd3 Kxh5 57.Kc4 g5 58.Kxb5 g4 59.Kb6 g3 60.Kxb7
g2 61.a6 g1=Q 62.a7 Qg7+ 63.Kb8 Qf8+ 64.Kb7 Qe7+ 65.Kb8 Qe8+ 66.Kb7 Qb5+ 
67.Kc7 Qa6 68.Kb8 Qb6+ 69.Ka8 Qc7 70.b5 Qc8# 0-1

[Event "15th Unive op"]
[Site "Hoogeveen NED"]
[Date "2011.10.22"]
[Round "9.14"]
[White "Okkes, Menno"]
[Black "Donchenko, Alexander"]
[Result "1-0"]
[WhiteElo "2386"]
[BlackElo "2304"]
[EventDate "2011.10.14"]
[PlyCount "103"]

1.c4 e6 2.Nc3 d5 3.d4 Nf6 4.cxd5 exd5 5.Bg5 Be7 6.e3 O-O 7.Bd3 Nbd7 8.Qc2 
Re8 9.Nge2 Nf8 10.O-O h6 11.Bh4 Ne6 12.Rad1 c6 13.Kh1 b6 14.f3 Bb7 15.Bf5 
Nc7 16.Bf2 Bc8 17.Ng3 Bf8 18.e4 g6 19.Bxc8 Rxc8 20.e5 Nh7 21.f4 f5 22.exf6
Qxf6 23.f5 g5 24.Rde1 Rxe1 25.Rxe1 Re8 26.Rc1 Rc8 27.Qd3 Qf7 28.Nce2 Nb5 
29.Ng1 Nf6 30.Nf3 Ng4 31.Bg1 Bd6 32.Ne2 Qe8 33.a4 Nc7 34.h3 Nf6 35.Nc3 Ne4
36.Ne5 Bxe5 37.dxe5 Nxc3 38.Qxc3 c5 39.e6 d4 40.Qf3 Rd8 41.Rf1 Nd5 42.Bh2 
Nf6 43.Be5 Qe7 44.Bxf6 Qxf6 45.Re1 Re8 46.Qd5 Kg7 47.b3 g4 48.Re4 Kh8 49.
Qd7 Rg8 50.e7 d3 51.e8=Q Qa1+ 52.Re1 1-0

[Event "15th Unive op"]
[Site "Hoogeveen NED"]
[Date "2011.10.22"]
[Round "9.15"]
[White "Slingerland, Fred"]
[Black "Wagner, Dennis"]
[Result "0-1"]
[WhiteElo "2379"]
[BlackElo "2290"]
[EventDate "2011.10.14"]
[PlyCount "60"]

1.e4 c5 2.Nf3 e6 3.d4 cxd4 4.Nxd4 a6 5.Be2 Nf6 6.Nc3 Bb4 7.Qd3 d6 8.Bd2 e5
9.Nb3 Be6 10.Bf3 O-O 11.O-O Nc6 12.a3 Bxc3 13.Bxc3 Qc7 14.Rfd1 Rfd8 15.Qe2
b6 16.Rd2 d5 17.exd5 Nxd5 18.Bxd5 Rxd5 19.Rad1 Rxd2 20.Nxd2 b5 21.Re1 Rd8 
22.Nf3 f6 23.Rd1 Bd5 24.h3 Ne7 25.Rd2 Rd7 26.a4 Qc6 27.axb5 axb5 28.Ne1 
Ng6 29.f3 b4 30.Rxd5 Qxd5 0-1

[Event "15th Unive op"]
[Site "Hoogeveen NED"]
[Date "2011.10.22"]
[Round "9.16"]
[White "Klein, David"]
[Black "Gieben, Stijn"]
[Result "1/2-1/2"]
[WhiteElo "2359"]
[BlackElo "1940"]
[EventDate "2011.10.14"]
[PlyCount "118"]

1.d4 d5 2.Nf3 Nf6 3.c4 c6 4.e3 g6 5.Bd3 Bg7 6.O-O O-O 7.h3 Bf5 8.Bxf5 gxf5
9.Nbd2 Ne4 10.Ne5 e6 11.Nxe4 dxe4 12.c5 Bxe5 13.dxe5 Qxd1 14.Rxd1 Na6 15.
Bd2 Rfd8 16.Ba5 Rd5 17.Rxd5 exd5 18.b4 Re8 19.Rb1 Rxe5 20.b5 cxb5 21.Rxb5 
Re7 22.Bc3 Rd7 23.Be5 Kf8 24.Ra5 Nb4 25.Rxa7 Nc6 26.Ra8+ Rd8 27.Bd6+ Ke8 
28.Ra3 Kd7 29.Rb3 Na5 30.Rb6 Ra8 31.Bg3 Ra6 32.c6+ Nxc6 33.Rxb7+ Ke6 34.
Rc7 Ne7 35.Rc2 Nc6 36.Rb2 d4 37.exd4 Nxd4 38.Kh2 Kf6 39.Bh4+ Ke6 40.Bg5 
Nc6 41.Be3 Ne5 42.Rb6+ Rxb6 43.Bxb6 f4 44.Kg1 f5 45.Kf1 Nd3 46.a4 Nb2 47.
a5 Nc4 48.Bc7 Kd7 49.Bxf4 Nxa5 50.Ke2 Ke6 51.Ke3 Nc6 52.Bh2 Ne7 53.Kd4 h5 
54.g4 hxg4 55.hxg4 Kf6 56.Bd6 Ng6 57.Bc7 Kg5 58.gxf5 Kxf5 59.Bg3 Nf4 
1/2-1/2

[Event "15th Unive op"]
[Site "Hoogeveen NED"]
[Date "2011.10.22"]
[Round "9.17"]
[White "Ootes, Lars"]
[Black "Bezemer, Arno J"]
[Result "1/2-1/2"]
[WhiteElo "2340"]
[BlackElo "2351"]
[EventDate "2011.10.14"]
[PlyCount "54"]

1.e4 c5 2.Nf3 d6 3.d4 cxd4 4.Nxd4 Nf6 5.Nc3 a6 6.Bg5 Nbd7 7.f4 Qc7 8.Qf3 
h6 9.Bxf6 Nxf6 10.f5 Qc5 11.O-O-O g5 12.e5 Qxe5 13.g3 g4 14.Qf2 Qc5 15.Bg2
Bd7 16.Qe2 h5 17.Rhe1 Qc7 18.Kb1 Bc6 19.Nxc6 bxc6 20.Qc4 Rc8 21.Qd4 Rh6 
22.Qa4 Nd7 23.Qxa6 Bg7 24.Re3 Nc5 25.Qc4 Rb8 26.Rde1 Bf6 27.b3 Kf8 1/2-1/2

[Event "15th Unive op"]
[Site "Hoogeveen NED"]
[Date "2011.10.22"]
[Round "9.18"]
[White "Vedder, Richard"]
[Black "Van Assendelft, Floris"]
[Result "1-0"]
[WhiteElo "2260"]
[BlackElo "2376"]
[EventDate "2011.10.14"]
[PlyCount "97"]

1.e4 c5 2.Nf3 d6 3.d4 Nf6 4.Nc3 cxd4 5.Nxd4 Nc6 6.Be3 Ng4 7.Bb5 Bd7 8.O-O 
Nxe3 9.fxe3 Ne5 10.Nf3 Bxb5 11.Nxb5 Qb6 12.Nxe5 dxe5 13.Qd5 e6 14.Qxe5 f6 
15.Nc7+ Kd7 16.Rad1+ Bd6 17.Rxd6+ Qxd6 18.Qxd6+ Kxd6 19.Nxa8 Rxa8 20.Rd1+ 
Ke7 21.Kf2 Rc8 22.c3 h5 23.Ke2 Rc5 24.Rd4 Rb5 25.Rd2 h4 26.Kd3 Kd6 27.Kc4+
Kc6 28.b4 Re5 29.Kd4 b5 30.Rc2 Rg5 31.c4 bxc4 32.Rxc4+ Kb6 33.Rc2 h3 34.
gxh3 Rg1 35.e5 Kb5 36.exf6 gxf6 37.a3 Ra1 38.Rf2 f5 39.h4 Rxa3 40.h5 e5+ 
41.Kxe5 Rxe3+ 42.Kxf5 Kxb4 43.Rf4+ Kc5 44.Rh4 Kd6 45.h6 Re5+ 46.Kf4 Re8 
47.h7 Rh8 48.Kf5 Ke7 49.Kg6 1-0

[Event "15th Unive op"]
[Site "Hoogeveen NED"]
[Date "2011.10.22"]
[Round "9.20"]
[White "Yamada, Kohei"]
[Black "Afek, Yochanan"]
[Result "1/2-1/2"]
[WhiteElo "2093"]
[BlackElo "2299"]
[EventDate "2011.10.14"]
[PlyCount "61"]

1.d4 Nf6 2.c4 g6 3.Nc3 Bg7 4.e4 O-O 5.Nf3 c5 6.d5 e6 7.Bd3 exd5 8.cxd5 d6 
9.h3 Bd7 10.a4 Na6 11.O-O Nb4 12.Bb1 a6 13.Bf4 Ne8 14.Re1 b5 15.axb5 Bxb5 
16.e5 dxe5 17.Nxe5 Rc8 18.Be4 Nd6 19.Nxb5 axb5 20.Bf3 Nf5 21.Nc6 Nxc6 22.
dxc6 Nd4 23.c7 Qf6 24.Bg3 Nxf3+ 25.Qxf3 Qxf3 26.gxf3 Bxb2 27.Rad1 Bd4 28.
Bd6 b4 29.Re4 f5 30.Rexd4 cxd4 31.Bxf8 1/2-1/2

[Event "15th Unive op"]
[Site "Hoogeveen NED"]
[Date "2011.10.22"]
[Round "9.21"]
[White "Rietveld, Renze"]
[Black "Van Dorp, Folke"]
[Result "1-0"]
[WhiteElo "2291"]
[BlackElo "2050"]
[EventDate "2011.10.14"]
[PlyCount "59"]

1.e4 c5 2.Nf3 e6 3.d4 cxd4 4.Nxd4 a6 5.Nc3 b5 6.Bd3 Qb6 7.Be3 Bc5 8.Be2 
Nc6 9.Nxc6 dxc6 10.Bxc5 Qxc5 11.Qd3 Nf6 12.O-O-O O-O 13.f4 e5 14.f5 Bb7 
15.g4 b4 16.Na4 Qa5 17.g5 Rad8 18.Qc4 Nd5 19.Nc5 Ba8 20.Nb3 Qxa2 21.exd5 
a5 22.d6 c5 23.Rhf1 a4 24.Nd2 Qa1+ 25.Nb1 a3 26.bxa3 Bc6 27.Qb3 Rb8 28.Qb2
Qxb2+ 29.Kxb2 bxa3+ 30.Kc3 1-0

[Event "15th Unive op"]
[Site "Hoogeveen NED"]
[Date "2011.10.22"]
[Round "9.22"]
[White "Hovenga, Alje"]
[Black "Vinke, Maarten"]
[Result "1-0"]
[WhiteElo "2234"]
[BlackElo "2032"]
[EventDate "2011.10.14"]
[PlyCount "89"]

1.d4 d5 2.c4 e6 3.Nc3 Nf6 4.Nf3 c6 5.Bg5 Be7 6.e3 O-O 7.Bd3 h6 8.Bh4 Nbd7 
9.O-O a6 10.c5 b6 11.b4 a5 12.a3 Ba6 13.Bxa6 Rxa6 14.Qd3 b5 15.Bxf6 Bxf6 
16.e4 dxe4 17.Nxe4 Be7 18.a4 axb4 19.axb5 Rxa1 20.Rxa1 Nxc5 21.Nxc5 Bxc5 
22.Rc1 Be7 23.bxc6 Qc7 24.Ne5 Bd6 25.Nd7 Rd8 26.Rc4 Bxh2+ 27.Kh1 Bd6 28.g3
Ra8 29.d5 Ra3 30.Qe4 exd5 31.Qe8+ Kh7 32.Qxf7 Kh8 33.Rg4 g5 34.Qg6 Bf8 35.
Nxf8 Qg7 36.Qd6 Rf3 37.Ng6+ Kh7 38.Ne5 Rxf2 39.Rxb4 Rf6 40.Qxd5 Qf8 41.
Rb7+ Kh8 42.Nf7+ Kg7 43.Nxg5+ Kg6 44.Rf7 Rf1+ 45.Kg2 1-0

[Event "15th Unive op"]
[Site "Hoogeveen NED"]
[Date "2011.10.22"]
[Round "9.24"]
[White "Maris, Ivo"]
[Black "Van Weersel, Arlette"]
[Result "0-1"]
[WhiteElo "1998"]
[BlackElo "2191"]
[EventDate "2011.10.14"]
[PlyCount "154"]

1.d4 Nf6 2.c4 g6 3.Nc3 d5 4.cxd5 Nxd5 5.e4 Nxc3 6.bxc3 Bg7 7.Nf3 c5 8.Be2 
O-O 9.Rb1 b6 10.O-O Bb7 11.Qc2 Qc7 12.d5 Nd7 13.c4 Qd6 14.Qd3 e5 15.dxe6 
Qxe6 16.Ng5 Qe7 17.Qh3 h6 18.Nf3 Bxe4 19.Rb3 Bf5 20.g4 Be6 21.Bxh6 Bxg4 
22.Qxg4 Bxh6 23.Re1 Ne5 24.Nxe5 Qxe5 25.Rh3 Qg5 26.Qxg5 Bxg5 27.Bf3 Rfe8 
28.Rxe8+ Rxe8 29.Kf1 Kg7 30.Bd5 f5 31.Rd3 Bf4 32.h3 Kf6 33.Kg2 Be5 34.Bc6 
Re6 35.Bd5 Re7 36.Re3 g5 37.Kf3 Rh7 38.Ke2 Rh4 39.Ra3 Rh7 40.Re3 Rg7 41.
Kf3 g4+ 42.hxg4 Rxg4 43.Ra3 Rg7 44.Re3 Rh7 45.Ke2 Bd4 46.Rf3 Ke5 47.Kd3 
Rh2 48.Ke2 b5 49.Bf7 b4 50.Bg6 f4 51.Bc2 a5 52.Ba4 Rh1 53.Bd1 Bc3 54.Rd3 
Ke4 55.f3+ Ke5 56.Rd7 Ke6 57.Bb3 Bd4 58.Kd3 Re1 59.Kd2 Re3 60.Rd8 Bc3+ 61.
Kd1 Rxf3 62.Ra8 Bd4 63.Rxa5 Rc3 64.Ra8 f3 65.Re8+ Kf6 66.Rf8+ Kg5 67.Ke1 
f2+ 68.Kd2 Rh3 69.Bc2 Rh1 70.Bd3 Ra1 71.Ke2 Rxa2+ 72.Kf1 Rd2 73.Be2 b3 74.
Rb8 b2 75.Rb3 Rc2 76.Rc3 Rc1+ 77.Kg2 Rg1+ 0-1

[Event "15th Unive op"]
[Site "Hoogeveen NED"]
[Date "2011.10.22"]
[Round "9.25"]
[White "Baskin, Robert"]
[Black "Mellema, Andries"]
[Result "1/2-1/2"]
[WhiteElo "2016"]
[BlackElo "2182"]
[EventDate "2011.10.14"]
[PlyCount "32"]

1.e4 e6 2.d4 d5 3.Nc3 Nc6 4.Nf3 Nf6 5.Bg5 Be7 6.Bxf6 Bxf6 7.Bb5 O-O 8.O-O 
Nb8 9.Qd2 c5 10.exd5 Qa5 11.Bd3 Rd8 12.Ne4 Qxd2 13.Nxf6+ gxf6 14.Nxd2 cxd4
15.dxe6 fxe6 16.f4 Nc6 1/2-1/2

[Event "15th Unive op"]
[Site "Hoogeveen NED"]
[Date "2011.10.22"]
[Round "9.26"]
[White "Van Lommel, Patrick"]
[Black "Van Foreest, Jorden"]
[Result "1/2-1/2"]
[WhiteElo "2111"]
[BlackElo "2153"]
[EventDate "2011.10.14"]
[PlyCount "51"]

1.Nf3 Nf6 2.c4 g6 3.g3 Bg7 4.Bg2 O-O 5.O-O c5 6.Nc3 d5 7.cxd5 Nxd5 8.Nxd5 
Qxd5 9.d3 Nc6 10.Nd2 Qh5 11.Rb1 Bh3 12.Nf3 Bxg2 13.Kxg2 Qd5 14.b3 Ne5 15.
Bb2 Nxf3 16.exf3 Bxb2 17.Rxb2 Rfd8 18.Qe2 Rd7 19.Rd2 Rc8 20.Qe4 Rc6 21.Re1
Rcd6 22.Re3 b5 23.Rc2 e6 24.Qf4 Rc6 25.Qb8+ Kg7 26.Qxb5 1/2-1/2

[Event "15th Unive op"]
[Site "Hoogeveen NED"]
[Date "2011.10.22"]
[Round "9.27"]
[White "Lesman, Francis"]
[Black "Middelveld, Martine"]
[Result "1/2-1/2"]
[WhiteElo "2074"]
[BlackElo "2143"]
[EventDate "2011.10.14"]
[PlyCount "25"]

1.d4 e6 2.c4 Nf6 3.g3 d5 4.Nf3 Be7 5.Bg2 O-O 6.O-O b6 7.Qc2 Bb7 8.Rd1 Nbd7
9.b3 Rc8 10.Bb2 c5 11.e3 Qc7 12.Nbd2 Rfd8 13.Rac1 1/2-1/2

[Event "15th Unive op"]
[Site "Hoogeveen NED"]
[Date "2011.10.22"]
[Round "9.28"]
[White "Grant, Jonathan"]
[Black "Van Foreest, Lucas"]
[Result "1-0"]
[WhiteElo "2209"]
[BlackElo "1918"]
[EventDate "2011.10.14"]
[PlyCount "75"]

1.c4 g6 2.Nc3 Bg7 3.g3 Nf6 4.Bg2 c6 5.e4 e5 6.Nge2 d6 7.O-O Be6 8.d3 O-O 
9.h3 d5 10.exd5 cxd5 11.Bg5 dxc4 12.Bxb7 cxd3 13.Bxa8 dxe2 14.Qxe2 Bxh3 
15.Bg2 Bxg2 16.Kxg2 Nc6 17.Rad1 Qa8 18.Bxf6 Bxf6 19.Qf3 Nd4 20.Qxa8 Rxa8 
21.Ne4 Bg7 22.Rc1 f5 23.Nd6 e4 24.Rc8+ Rxc8 25.Nxc8 a5 26.Rc1 f4 27.gxf4 
Ne2 28.Rc2 Nxf4+ 29.Kf1 Nd3 30.Nd6 Bxb2 31.Nxe4 Be5 32.Rc8+ Kg7 33.Ra8 Kh6
34.Rxa5 Bc7 35.Rb5 Ne5 36.a4 Nf3 37.a5 Nd4 38.Rd5 1-0

[Event "15th Unive op"]
[Site "Hoogeveen NED"]
[Date "2011.10.22"]
[Round "9.29"]
[White "Sadallah, Osama"]
[Black "Sekandar, Kambiz"]
[Result "0-1"]
[WhiteElo "2145"]
[BlackElo "1922"]
[EventDate "2011.10.14"]
[PlyCount "74"]

1.d4 Nf6 2.Bg5 Ne4 3.Bf4 c5 4.f3 Qa5+ 5.c3 Nf6 6.d5 Qb6 7.b3 e6 8.e4 exd5 
9.exd5 Bd6 10.Bg5 Be7 11.Bc4 d6 12.Ne2 O-O 13.O-O Nbd7 14.Ng3 Ne5 15.Bf4 
Nxc4 16.bxc4 g6 17.Nd2 Qc7 18.a4 a5 19.Re1 b6 20.Kh1 Ba6 21.Rxe7 Qxe7 22.
Bg5 Rfe8 23.Nde4 Nxe4 24.Nxe4 Qe5 25.Bf6 Qf5 26.g4 Qf4 27.Bg5 Rxe4 28.Bxf4
Rxf4 29.Qe2 Rxc4 30.Qe3 Bb7 31.Rd1 Rxa4 32.Qe7 Ba6 33.h4 Ra2 34.Re1 Bb5 
35.Qxd6 Be2 36.Qf6 Re8 37.Qf4 Bxf3+ 0-1

[Event "15th Unive op"]
[Site "Hoogeveen NED"]
[Date "2011.10.22"]
[Round "9.30"]
[White "Van der Veen, Jan"]
[Black "Go, Benjamin"]
[Result "0-1"]
[WhiteElo "2115"]
[BlackElo "2153"]
[EventDate "2011.10.14"]
[PlyCount "82"]

1.e4 d6 2.d4 Nf6 3.Nc3 g6 4.Be3 Bg7 5.Qd2 c6 6.Nf3 Qc7 7.Bd3 b5 8.a4 b4 9.
Ne2 a5 10.h3 Nbd7 11.O-O c5 12.c4 cxd4 13.Nfxd4 Bb7 14.f3 O-O 15.b3 Nc5 
16.Bc2 Rad8 17.Rad1 Nfd7 18.Bh6 Ne5 19.Ng3 Bc8 20.Bxg7 Kxg7 21.f4 Nc6 22.
Nxc6 Qxc6 23.Qe2 f6 24.h4 Be6 25.Qe3 Nd7 26.Rd2 Qc5 27.Re1 Qxe3+ 28.Rxe3 
Nc5 29.Ne2 Bd7 30.g3 Rb8 31.Nc1 Rfd8 32.Nd3 Bc6 33.e5 dxe5 34.Rde2 Ne6 35.
Rf2 e4 36.Nc1 f5 37.g4 Rd7 38.gxf5 gxf5 39.Ne2 Kf6 40.Ng3 Rg8 41.Kh2 Rg4 
0-1

[Event "15th Unive op"]
[Site "Hoogeveen NED"]
[Date "2011.10.22"]
[Round "9.31"]
[White "De Groot, Hendrik"]
[Black "Hoffman, Ron"]
[Result "0-1"]
[WhiteElo "1953"]
[BlackElo "2121"]
[EventDate "2011.10.14"]
[PlyCount "100"]

1.Nf3 g6 2.c4 Bg7 3.Nc3 d6 4.e4 Nf6 5.d4 O-O 6.Be2 e5 7.dxe5 dxe5 8.Qxd8 
Rxd8 9.Bg5 Nbd7 10.O-O-O Rf8 11.h3 c6 12.Be3 Re8 13.Nd2 Nf8 14.Nb3 Be6 15.
Nc5 b6 16.Na6 Rec8 17.f3 Nh5 18.b3 Nd7 19.Kc2 Bf8 20.Rd2 Nf4 21.Bf1 Be7 
22.h4 Nh5 23.Bf2 f5 24.Kb2 Nb8 25.c5 b5 26.Nb4 a5 27.Nd3 Nd7 28.exf5 gxf5 
29.g4 Nf4 30.Nxf4 exf4 31.gxf5 Bxf5 32.Rg1+ Kf7 33.Ne4 Bxe4 34.Rxd7 Bf5 
35.Rd1 Bf6+ 36.Kc1 a4 37.b4 Rd8 38.Be2 a3 39.Rd6 Bb2+ 40.Kd1 Rxd6+ 41.cxd6
Rd8 42.Bc5 Be5 43.Kc1 Bxd6 44.Rg5 Ke6 45.Bb6 Rb8 46.Bd4 Bxb4 47.Bd1 c5 48.
Bb3+ c4 49.Bd1 Rd8 50.Bb6 Bd2# 0-1

[Event "15th Unive op"]
[Site "Hoogeveen NED"]
[Date "2011.10.22"]
[Round "9.32"]
[White "Kollen, Zyon"]
[Black "Te Bokkel, Gert Jan"]
[Result "1-0"]
[WhiteElo "2112"]
[BlackElo "2034"]
[EventDate "2011.10.14"]
[PlyCount "65"]

1.e4 e5 2.Nf3 Nc6 3.Bb5 Nf6 4.O-O Nxe4 5.d4 a6 6.Bxc6 dxc6 7.Qe2 Bf5 8.g4 
Bg6 9.Nxe5 f5 10.Nc3 Qf6 11.Nxg6 Qxg6 12.f3 O-O-O 13.fxe4 fxg4 14.Be3 h5 
15.e5 Be7 16.Qd3 Qe8 17.Rf5 g6 18.Rf4 c5 19.d5 g5 20.Rf2 Kb8 21.Raf1 h4 
22.Rf7 g3 23.hxg3 g4 24.Rh7 Rxh7 25.Qxh7 Bf6 26.Rxf6 Qxe5 27.Qxc7+ Qxc7 
28.Bf4 hxg3 29.Bxc7+ Kxc7 30.Kg2 b5 31.Rc6+ Kb7 32.Rxc5 b4 33.Ne4 1-0

[Event "15th Unive op"]
[Site "Hoogeveen NED"]
[Date "2011.10.22"]
[Round "9.33"]
[White "Poelstra, Ben"]
[Black "Hummel, Joop"]
[Result "0-1"]
[WhiteElo "2102"]
[BlackElo "2004"]
[EventDate "2011.10.14"]
[PlyCount "62"]

1.e4 e6 2.d4 d5 3.e5 c5 4.c3 Nc6 5.Nf3 Bd7 6.a3 a5 7.Bd3 Qb6 8.O-O Nh6 9.
dxc5 Bxc5 10.Nbd2 Ng4 11.Qe2 f6 12.exf6 Nxf6 13.b4 axb4 14.cxb4 Bd6 15.Bb2
O-O 16.Ne5 Nxe5 17.Bxe5 Be8 18.Nb3 Bh5 19.Qb2 Ng4 20.Bg3 Bxg3 21.hxg3 e5 
22.Nc5 Qh6 23.Be2 Nh2 24.g4 Bxg4 25.Qxe5 Bxe2 26.Qxe2 Nf3+ 27.Qxf3 Rxf3 
28.gxf3 b6 29.Nb3 Qg5+ 30.Kh2 Rf8 31.Rg1 Qh5+ 0-1

[Event "15th Unive op"]
[Site "Hoogeveen NED"]
[Date "2011.10.22"]
[Round "9.34"]
[White "Klapwijk, Bram"]
[Black "Beukema, Stefan"]
[Result "1-0"]
[WhiteElo "2025"]
[BlackElo "2259"]
[EventDate "2011.10.14"]
[PlyCount "85"]

1.e4 g6 2.Nc3 Bg7 3.Bc4 e6 4.d3 Ne7 5.Bg5 b6 6.Qd2 h6 7.Bh4 Bb7 8.O-O-O g5
9.Bg3 d5 10.Bb3 d4 11.Nce2 a5 12.a3 Nd7 13.h4 g4 14.f3 h5 15.fxg4 hxg4 16.
h5 Nc5 17.Ba2 e5 18.h6 Bf6 19.Rh5 Ng6 20.Rf1 Ne6 21.Bxe6 fxe6 22.h7 Rxh7 
23.Rxf6 Rxh5 24.Rxg6 Kf7 25.Rh6 Rxh6 26.Qxh6 Qf6 27.Qh5+ Ke7 28.Bh4 Rf8 
29.Bxf6+ Kxf6 30.Qh6+ Ke7 31.Qg7+ Rf7 32.Qxe5 c5 33.Nf4 c4 34.Ng6+ Kd7 35.
Qxd4+ Kc7 36.Qxc4+ Kb8 37.Qxe6 Rf1+ 38.Kd2 Rxg1 39.Qxg4 Bc8 40.Qg3+ Kb7 
41.Ne7 Bd7 42.Nd5 Ka6 43.Qf2 1-0

[Event "15th Unive op"]
[Site "Hoogeveen NED"]
[Date "2011.10.22"]
[Round "9.35"]
[White "Dijkhuis, Tycho"]
[Black "Maatman, Nick"]
[Result "1-0"]
[WhiteElo "1873"]
[BlackElo "1980"]
[EventDate "2011.10.14"]
[PlyCount "51"]

1.e4 e6 2.f4 d5 3.e5 c5 4.d3 Nc6 5.Nf3 f6 6.g3 g6 7.Bh3 fxe5 8.fxe5 Bg7 9.
Qe2 Qc7 10.O-O Nge7 11.Ng5 Nd8 12.Nc3 a6 13.Bd2 h6 14.Nf3 O-O 15.Nh4 Nf7 
16.Rae1 Bd7 17.Rf6 g5 18.Nf3 Bxf6 19.exf6 Nf5 20.Bxf5 exf5 21.Nxd5 Qd6 22.
Ne7+ Kh7 23.Nxg5+ hxg5 24.Qh5+ Nh6 25.Qg6+ Kh8 26.Qg7# 1-0

[Event "15th Unive op"]
[Site "Hoogeveen NED"]
[Date "2011.10.22"]
[Round "9.36"]
[White "Potze, Rudolf"]
[Black "Henseler, Jorgen"]
[Result "1/2-1/2"]
[WhiteElo "2126"]
[BlackElo "2073"]
[EventDate "2011.10.14"]
[PlyCount "70"]

1.e4 e5 2.Nf3 Nc6 3.Bb5 a6 4.Ba4 Nf6 5.O-O Be7 6.Re1 b5 7.Bb3 O-O 8.h3 Bb7
9.d3 d5 10.exd5 Nxd5 11.Nxe5 Nd4 12.Nc3 Nb4 13.Ne2 Nxb3 14.axb3 Bd6 15.Ng3
Re8 16.f4 f6 17.Nf3 Rxe1+ 18.Nxe1 Bc5+ 19.d4 Qxd4+ 20.Qxd4 Bxd4+ 21.Kf1 
Re8 22.Bd2 Nd5 23.c4 Ne3+ 24.Bxe3 Bxe3 25.Nd3 g6 26.Ne2 Rd8 27.Nb4 Rd2 28.
g3 Bf3 29.Re1 Rxb2 30.Nxa6 bxc4 31.bxc4 Rc2 32.Nxc7 Rxc4 33.Nb5 Rb4 34.
Nbc3 Bb6 35.Rb1 Rxb1+ 1/2-1/2

[Event "15th Unive op"]
[Site "Hoogeveen NED"]
[Date "2011.10.22"]
[Round "9.37"]
[White "Majhi, Ankit"]
[Black "Mol, Christiaan"]
[Result "1-0"]
[WhiteElo "1760"]
[BlackElo "2013"]
[EventDate "2011.10.14"]
[PlyCount "61"]

1.e4 c5 2.Nf3 Nc6 3.d4 cxd4 4.Nxd4 Nf6 5.Nc3 e5 6.Ndb5 d6 7.Bg5 a6 8.Bxf6 
gxf6 9.Na3 b5 10.Nd5 f5 11.c3 Bg7 12.exf5 Bxf5 13.Nc2 O-O 14.Nce3 Be6 15.
Bd3 f5 16.O-O Ne7 17.Bc2 Ng6 18.f4 exf4 19.Nxf4 Nxf4 20.Rxf4 Be5 21.Rxf5 
Bxf5 22.Nxf5 Qg5 23.Nxd6 Rad8 24.Qd5+ Kh8 25.Nf7+ Rxf7 26.Qxf7 Qh6 27.h3 
Rf8 28.Qe7 Bg7 29.Rd1 Qb6+ 30.Kh1 Qf2 31.Qe4 1-0

[Event "15th Unive op"]
[Site "Hoogeveen NED"]
[Date "2011.10.22"]
[Round "9.38"]
[White "Cox, Jan"]
[Black "Hendriks, Richard V"]
[Result "0-1"]
[WhiteElo "2008"]
[BlackElo "2136"]
[EventDate "2011.10.14"]
[PlyCount "56"]

1.e4 e5 2.Nf3 Nc6 3.Bb5 f5 4.d3 fxe4 5.dxe4 Nf6 6.O-O Bc5 7.Bxc6 bxc6 8.
Nxe5 O-O 9.Bg5 Qe8 10.Bxf6 Rxf6 11.Nd3 Bd4 12.c3 Bb6 13.Nd2 d5 14.Qa4 Qh5 
15.exd5 Rh6 16.Nf3 Bg4 17.Nde5 Bxf3 18.Nxf3 Rf8 19.Qh4 Qxh4 20.Nxh4 Rxh4 
21.g3 Re4 22.a4 Re2 23.b4 Bxf2+ 24.Kh1 cxd5 25.Rad1 c6 26.b5 cxb5 27.axb5 
Re5 28.Kg2 Bb6 0-1